Finančná a ekonomická analýza obchodného podniku
Gespeichert in:
| 1. Verfasser: | |
|---|---|
| Weitere Verfasser: | , , |
| Format: | Buch |
| Sprache: | Slowakisch |
| Veröffentlicht: |
Bratislava
Wolters Kluwer SR
2019
|
| Ausgabe: | 2. prepracované a doplnené vydanie |
| Schlagworte: | |
| Tags: |
Keine Tags, Fügen Sie das erste Tag hinzu!
|
MARC
| LEADER | 00000nam a2200000 4500 | ||
|---|---|---|---|
| 001 | 0262349 | ||
| 005 | 20240502074155.1 | ||
| 020 | |a 978-80-571-0174-1 | ||
| 020 | |a 978-80-571-0175-8 | ||
| 041 | 0 | |a slo | |
| 044 | |a SK | ||
| 245 | 1 | 0 | |a Finančná a ekonomická analýza obchodného podniku |c Milan Oreský, Róbert Rehák ; recenzenti: Eva Hanuláková, Dávid Lupták |
| 250 | |a 2. prepracované a doplnené vydanie | ||
| 264 | 1 | |a Bratislava |b Wolters Kluwer SR |c 2019 | |
| 300 | |a 198 s. [10,86 AH] | ||
| 610 | 2 | 0 | |a analýza finančná |
| 610 | 2 | 0 | |a analýza ekonomická |
| 610 | 2 | 0 | |a podnik obchodný |
| 610 | 2 | 0 | |a riadenie finančné |
| 610 | 2 | 0 | |a plánovanie finančné |
| 610 | 2 | 0 | |a štruktúra kapitálová |
| 610 | 2 | 0 | |a výkonnosť podniku |
| 100 | 1 | |a Oreský, Milan, 1956- | |
| 700 | 1 | |a Rehák, Róbert, 1984- | |
| 700 | 1 | |a Hanuláková, Eva, 1964- | |
| 700 | 1 | |a Lupták, Dávid | |